[Event "IHEM 2004"]
[Site "Hamburg"]
[Date "2004.05.29"]
[Round "1.1"]
[White "Rozentalis, Eduardas"]
[Black "Pajeken, Wolfgang"]
[Result "1/2-1/2"]
[WhiteElo "2619"]
[BlackElo "2323"]
[PlyCount "114"]
[EventDate "2004.??.??"]

1. e4 Nf6 2. e5 Nd5 3. d4 d6 4. Nf3 dxe5 5. Nxe5 c6 6. g3 Bf5 7. Bg2 Nd7 8. f4
Nxe5 9. fxe5 e6 10. O-O Be7 11. a3 b5 12. Nc3 O-O 13. Bxd5 cxd5 14. Nxb5 Qb6
15. Nc3 Bg6 16. Rb1 Rfc8 17. Be3 Qc6 18. h4 h5 19. Bd2 Rab8 20. Rf4 Rb7 21. Kh2
Rcb8 22. b4 a5 23. b5 Qc4 24. a4 Bb4 25. Rb3 Bf5 26. Qxh5 Bxc2 27. Rb2 Qd3 28.
Qe2 Qxe2+ 29. Nxe2 Bxa4 30. Bxb4 Rxb5 31. Ra2 Rxb4 32. Kh3 Bb5 33. Nc3 Rb3 34.
Nxb5 R3xb5 35. h5 Ra8 36. Kg4 a4 37. Rf3 Rb4 38. Rd3 Rc8 39. Kf4 Kh7 40. g4 Rc1
41. g5 Re1 42. Kg3 Re4 43. Rf2 Rb1 44. Rxf7 Rg1+ 45. Kf2 Rxg5 46. Re7 Rf4+ 47.
Ke3 Rh4 48. Rxe6 a3 49. Ra6 a2 50. Rd2 Rg3+ 51. Kf2 Rh2+ 52. Kxg3 Rxd2 53. Kf3
Rd3+ 54. Kf2 Rxd4 55. Rxa2 Rf4+ 56. Ke1 Kh6 57. e6 Rf8 1/2-1/2

[Event "IHEM 2004"]
[Site "Hamburg"]
[Date "2004.05.29"]
[Round "1.2"]
[White "Stanke, Juergen"]
[Black "Ftacnik, Lubomir"]
[Result "0-1"]
[WhiteElo "2306"]
[BlackElo "2579"]
[PlyCount "72"]
[EventDate "2004.??.??"]

1. d4 Nf6 2. c4 g6 3. Nc3 d5 4. Nf3 Bg7 5. cxd5 Nxd5 6. Bg5 h6 7. Bh4 Nxc3 8.
bxc3 c5 9. e3 Qa5 10. Qd2 Nc6 11. Rc1 Bg4 12. Be2 Rd8 13. Rb1 O-O 14. Rb5 Qa3
15. Rb3 Qa5 16. Rb5 Qa4 17. Rxc5 g5 18. Bg3 Be6 19. Bb5 Qa3 20. Qc2 Bxa2 21.
O-O Bb3 22. Qe4 e6 23. Nd2 Bd5 24. Qc2 a6 25. Bxc6 Bxc6 26. Nc4 Qa4 27. Qb2 Be4
28. Bc7 Bd3 29. Ra1 Qd7 30. Nb6 Qe7 31. Bxd8 Rxd8 32. c4 Qxc5 33. Qb3 Qf5 34.
Re1 g4 35. Na4 b5 36. cxb5 Bxb5 0-1

[Event "IHEM 2004"]
[Site "Hamburg"]
[Date "2004.05.29"]
[Round "1.3"]
[White "Rogozenko, Dorian"]
[Black "Hess, Christian"]
[Result "1-0"]
[WhiteElo "2531"]
[BlackElo "2305"]
[PlyCount "53"]
[EventDate "2004.??.??"]

1. d4 d5 2. c4 c6 3. Nf3 Nf6 4. Nc3 dxc4 5. a4 Bf5 6. Ne5 Nbd7 7. Nxc4 Nb6 8.
Ne5 e6 9. e3 Bb4 10. Be2 Ne4 11. Qb3 Nd5 12. O-O a5 13. Na2 O-O 14. Rd1 Qc7 15.
Nxb4 Nxb4 16. f3 Nc5 17. Qc3 Nd7 18. e4 Nxe5 19. dxe5 Bg6 20. Be3 Rfd8 21. Bc5
Rxd1+ 22. Rxd1 Na6 23. Bxa6 Rxa6 24. Rd6 h6 25. Qd4 b6 26. Rd8+ Kh7 27. Qd6 1-0

[Event "IHEM 2004"]
[Site "Hamburg"]
[Date "2004.05.29"]
[Round "1.4"]
[White "Vandrey, Wolfgang"]
[Black "Moreno Carnero, Javier"]
[Result "0-1"]
[WhiteElo "2302"]
[BlackElo "2525"]
[PlyCount "82"]
[EventDate "2004.??.??"]

1. d4 g6 2. Nf3 Bg7 3. g3 Nf6 4. Bg2 O-O 5. O-O c6 6. b3 a5 7. a4 d5 8. Bb2 Bf5
9. Nbd2 Na6 10. Ne5 Qc8 11. Rc1 Bh3 12. c4 Bxg2 13. Kxg2 Qe6 14. e3 Nb4 15. Qe2
Ne4 16. Nef3 h6 17. Ba3 g5 18. Bxb4 axb4 19. cxd5 cxd5 20. Nxe4 Qxe4 21. Qc2
Qe6 22. h3 f5 23. Rfe1 Rac8 24. Qd3 Qe4 25. Qxe4 fxe4 26. Ng1 e5 27. dxe5 Rc3
28. Ne2 Rxb3 29. Rb1 Ra3 30. Rxb4 Bxe5 31. Nd4 Rf7 32. Re2 Rc3 33. Rd2 Rc4 34.
Rxc4 dxc4 35. Rc2 Bxd4 36. exd4 Rc7 37. Kf1 Kf7 38. Ke2 Ke6 39. Kd2 Kd5 40. Kc3
Rf7 41. Re2 Rf3+ 0-1

[Event "IHEM 2004"]
[Site "Hamburg"]
[Date "2004.05.29"]
[Round "1.6"]
[White "Putzbach, Gerd"]
[Black "Hector, Johnny"]
[Result "0-1"]
[WhiteElo "2268"]
[BlackElo "2512"]
[PlyCount "128"]
[EventDate "2004.??.??"]

1. e4 e5 2. Nf3 Nc6 3. Bb5 Bc5 4. O-O d6 5. c3 Bd7 6. d4 Bb6 7. Bg5 f6 8. Be3
Nge7 9. d5 Nb8 10. Qd3 c6 11. Bc4 cxd5 12. Bxd5 Nxd5 13. Qxd5 Nc6 14. Nbd2 Bc7
15. Nc4 Ke7 16. Nfd2 Be6 17. Qd3 b5 18. Na3 a6 19. c4 Nb4 20. Qe2 Qd7 21. Rfd1
Rhc8 22. b3 Bb8 23. Rdc1 Qb7 24. f3 Ba7 25. Nf1 Nc6 26. Bxa7 Qxa7+ 27. Ne3 Nd4
28. Qf2 Rc7 29. Rd1 Qc5 30. Nb1 bxc4 31. Nc3 Kf8 32. bxc4 Bxc4 33. Nxc4 Qxc4
34. Nd5 Rb7 35. Kh1 Rc8 36. h3 Qc2 37. Rd2 Rb1+ 38. Rxb1 Qxb1+ 39. Kh2 Rc1 40.
Rb2 Rh1+ 41. Kg3 Qc1 42. Qd2 Qxd2 43. Rxd2 Rb1 44. Rd3 f5 45. exf5 Nxf5+ 46.
Kg4 g6 47. Rc3 Rd1 48. Nf6 Kg7 49. Nh5+ Kh6 50. g3 Rd4+ 51. f4 Nxg3 52. Kxg3
Kxh5 53. fxe5 dxe5 54. Ra3 Rd6 55. Re3 Re6 56. Kf3 e4+ 57. Kf4 Kh4 58. a4 a5
59. Re1 e3 60. Kf3 e2 61. Kg2 Re4 62. Kh2 Re3 63. Kg2 h5 64. Kf2 Rxh3 0-1

[Event "IHEM 2004"]
[Site "Hamburg"]
[Date "2004.05.29"]
[Round "1.7"]
[White "Farago, Ivan"]
[Black "Voigt, Martin"]
[Result "1-0"]
[WhiteElo "2507"]
[BlackElo "2258"]
[PlyCount "109"]
[EventDate "2004.??.??"]

1. d4 d5 2. c4 c6 3. Nf3 Nf6 4. Nc3 e6 5. Bg5 dxc4 6. e4 b5 7. a4 b4 8. Nb1 Ba6
9. Qc1 c3 10. bxc3 Bxf1 11. Kxf1 Nbd7 12. Nbd2 c5 13. d5 Be7 14. dxe6 fxe6 15.
cxb4 cxb4 16. Qc6 O-O 17. e5 Nd5 18. Qxe6+ Kh8 19. Qxd5 Bxg5 20. e6 Bxd2 21.
exd7 Bc3 22. Rd1 Qf6 23. g3 Rad8 24. Rd3 Qf7 25. Kg2 h6 26. Rhd1 Qxd5 27. Rxd5
Rf7 28. R1d3 Kg8 29. Nd2 Bxd2 30. Rxd2 b3 31. h4 Re7 32. R5d3 Re4 33. Re3 Rxe3
34. fxe3 Kf7 35. Rb2 Rxd7 36. Rxb3 Ke6 37. Rb5 Rf7 38. g4 Kd6 39. Kg3 Ke6 40.
Ra5 Kd6 41. h5 Ke6 42. g5 hxg5 43. Kg4 Kd6 44. Kxg5 Ke6 45. Kg6 Re7 46. Rg5 Kd6
47. Kh7 Rxe3 48. Rxg7 a5 49. Rg5 Re4 50. Rxa5 Rg4 51. h6 Ke7 52. Ra7+ Kf8 53.
a5 Rg5 54. a6 Rc5 55. Rb7 1-0

[Event "IHEM 2004"]
[Site "Hamburg"]
[Date "2004.05.29"]
[Round "1.8"]
[White "Sawadkuhi, Massoud Amir"]
[Black "Lanka, Zigurds"]
[Result "1/2-1/2"]
[WhiteElo "2254"]
[BlackElo "2461"]
[PlyCount "62"]
[EventDate "2004.??.??"]

1. e4 c5 2. Nf3 Nc6 3. d4 cxd4 4. Nxd4 Nf6 5. Nc3 d6 6. Bg5 e6 7. Qd2 a6 8.
O-O-O h6 9. Be3 Bd7 10. f3 b5 11. Nxc6 Bxc6 12. Bd3 Qc7 13. Rhe1 Be7 14. Kb1
Nd7 15. Bd4 O-O 16. Nd5 Bxd5 17. exd5 e5 18. Be3 f5 19. c3 Nc5 20. Bc2 Rab8 21.
g4 Bh4 22. Re2 f4 23. Bg1 a5 24. Rc1 Rf6 25. Ka1 a4 26. Bxc5 Qxc5 27. a3 g6 28.
Rf1 Qc4 29. Rd1 Kg7 30. Re4 Qc5 31. Rf1 Rb6 1/2-1/2

[Event "IHEM 2004"]
[Site "Hamburg"]
[Date "2004.05.29"]
[Round "1.9"]
[White "Handke, Florian"]
[Black "Cording, Harm"]
[Result "1-0"]
[WhiteElo "2456"]
[BlackElo "2253"]
[PlyCount "79"]
[EventDate "2004.??.??"]

1. e4 e6 2. d4 d5 3. Nc3 Bb4 4. e5 Qd7 5. h4 b6 6. Nh3 Ba6 7. Bxa6 Nxa6 8. Qd3
Nb8 9. Bd2 Nc6 10. Ne2 Bxd2+ 11. Qxd2 O-O-O 12. h5 f6 13. f4 Nh6 14. O-O-O Ng4
15. Qc3 f5 16. Kb1 Kb7 17. Qf3 h6 18. Rd3 Kb8 19. Nc1 Rhg8 20. Nb3 g6 21. a3
gxh5 22. Ng1 a5 23. Ne2 a4 24. Nd2 Na5 25. Rxh5 Rg7 26. Rh1 Rdg8 27. b3 Rc8 28.
Rc1 Qe8 29. b4 Nc4 30. Nxc4 dxc4 31. Rd2 c6 32. b5 cxb5 33. d5 exd5 34. Rxd5
Rgc7 35. Rcd1 c3 36. Nd4 b4 37. Rd6 bxa3 38. Ka2 Rb7 39. Nc6+ Rxc6 40. Rd8+ 1-0

[Event "IHEM 2004"]
[Site "Hamburg"]
[Date "2004.05.29"]
[Round "1.10"]
[White "Guzmann, Enrique"]
[Black "Kopylov, Michael"]
[Result "0-1"]
[WhiteElo "2230"]
[BlackElo "2433"]
[PlyCount "82"]
[EventDate "2004.??.??"]

1. Nf3 Nf6 2. d4 c5 3. e3 g6 4. Be2 Bg7 5. O-O O-O 6. c4 cxd4 7. exd4 d5 8. c5
Nc6 9. h3 Ne4 10. Bb5 Qa5 11. Bxc6 bxc6 12. Re1 Rb8 13. Nbd2 f5 14. Qc2 Rb4 15.
Nb3 Qb5 16. Bd2 Ra4 17. Bc3 f4 18. Qe2 Qxe2 19. Rxe2 Ba6 20. Ree1 Rb8 21. Nfd2
Nxc3 22. bxc3 Kf7 23. Reb1 Bd3 24. Re1 Ra3 25. Nf3 Bc4 26. Reb1 Bf6 27. Nfd2
Bd3 28. Re1 a5 29. Nf3 Bc4 30. Nbd2 Rxc3 31. Ne5+ Bxe5 32. Rxe5 Bd3 33. Rae1
Rb7 34. Nf3 h6 35. Re6 Rc7 36. Ne5+ Kxe6 37. Nxd3+ Kf7 38. Nxf4 Rc4 39. g4 Rc8
40. Nd3 Rxd4 41. Ne5+ Kg7 0-1

[Event "IHEM 2004"]
[Site "Hamburg"]
[Date "2004.05.29"]
[Round "1.11"]
[White "Löffler, Stefan"]
[Black "Engelbert, Christoph"]
[Result "1-0"]
[WhiteElo "2413"]
[BlackElo "2213"]
[PlyCount "77"]
[EventDate "2004.??.??"]

1. Nf3 g6 2. e4 Bg7 3. d4 d6 4. c4 Bg4 5. Be2 Nc6 6. Be3 e5 7. d5 Nce7 8. Nc3
Bxf3 9. Bxf3 f5 10. c5 Nf6 11. Qb3 O-O 12. Qxb7 Rb8 13. Qa6 fxe4 14. Bxe4 Rxb2
15. O-O Rb4 16. f3 Nf5 17. Bf2 Bh6 18. cxd6 cxd6 19. Rab1 Nxe4 20. Nxe4 Rxb1
21. Rxb1 Qc8 22. Qxc8 Rxc8 23. Bxa7 Be3+ 24. Bxe3 Nxe3 25. Re1 Nxd5 26. Nxd6
Rc6 27. Ne4 Ra6 28. Rd1 Nf6 29. Rd6 Rxd6 30. Nxd6 Kf8 31. Kf2 Ke7 32. Ne4 Nd5
33. g3 h6 34. Ke2 Kd7 35. a3 Kc6 36. Kd3 Kb6 37. Nc3 Nf6 38. Ne4 Nd5 39. Nd6
1-0

[Event "IHEM 2004"]
[Site "Hamburg"]
[Date "2004.05.29"]
[Round "1.12"]
[White "Kröncke, Manfred"]
[Black "Souleidis, Georgios"]
[Result "1/2-1/2"]
[WhiteElo "2190"]
[BlackElo "2398"]
[PlyCount "117"]
[EventDate "2004.??.??"]

1. e4 c5 2. Nf3 Nc6 3. d3 e6 4. g3 d5 5. Nbd2 Bd6 6. Bg2 Nge7 7. O-O O-O 8. Re1
b5 9. c3 b4 10. d4 bxc3 11. bxc3 cxd4 12. cxd4 Bb4 13. Re3 Ba6 14. Ba3 dxe4 15.
Bxb4 exf3 16. Bxe7 Nxe7 17. Bxf3 Rb8 18. Ra3 Rb6 19. Ne4 Qb8 20. Nc5 Bb5 21.
Qe1 Rc8 22. Rc3 Bc6 23. Bxc6 Rbxc6 24. Rac1 Qd6 25. Nb3 Qb4 26. Rc5 Qxe1+ 27.
Rxe1 Rxc5 28. dxc5 Nd5 29. Rc1 Kf8 30. Rc4 e5 31. Ra4 Rc7 32. Ra5 Nb4 33. Kf1
Nc6 34. Ra6 Ke7 35. Ke2 f5 36. h4 Nb8 37. Ra4 Ke6 38. f4 Nc6 39. fxe5 Kxe5 40.
Kf3 g6 41. Ke3 h6 42. g4 Ne7 43. Kf3 fxg4+ 44. Rxg4 Nf5 45. Ke2 Rg7 46. Kf3 Kd5
47. Ra4 Rf7 48. Kg4 Ng7 49. Rd4+ Ke5 50. Rc4 Ne6 51. Rc2 Nd4 52. Nxd4 Kxd4 53.
c6 Rc7 54. h5 g5 55. Kf5 Kd5 56. Rd2+ Kc5 57. Rc2+ Kb5 58. Rb2+ Kc5 59. Rc2+
1/2-1/2

[Event "IHEM 2004"]
[Site "Hamburg"]
[Date "2004.05.29"]
[Round "1.13"]
[White "Siebrecht, Sebastian"]
[Black "Maahs, Erich"]
[Result "1-0"]
[WhiteElo "2369"]
[BlackElo "2178"]
[PlyCount "77"]
[EventDate "2004.??.??"]

1. c4 e5 2. Nc3 Nf6 3. g3 d5 4. cxd5 Nxd5 5. Bg2 Nb6 6. Nf3 Nc6 7. O-O Be7 8.
d3 O-O 9. Be3 Be6 10. Ne4 Bd5 11. Nc3 Be6 12. a3 Nd5 13. Bd2 h6 14. b4 a6 15.
Na4 Qd7 16. e4 Nf6 17. Bc3 Bg4 18. Qc2 Bd6 19. Rab1 b5 20. Nb2 Rfe8 21. Nd1 Bh3
22. Ne3 Bxg2 23. Kxg2 Rad8 24. Rfd1 Qe6 25. h3 Bf8 26. Rbc1 g6 27. Bb2 Rd6 28.
Qe2 Rd7 29. Rxc6 Qxc6 30. Nxe5 Rxe5 31. Bxe5 Ne8 32. Qf3 Qe6 33. Qg4 f5 34.
Nxf5 Kh7 35. Ne3 Qf7 36. d4 c6 37. Rc1 Bg7 38. Rxc6 Nf6 39. Bxf6 1-0

[Event "IHEM 2004"]
[Site "Hamburg"]
[Date "2004.05.29"]
[Round "1.14"]
[White "Mandelbaum, Peter-Rene"]
[Black "Meyer, Falko"]
[Result "1/2-1/2"]
[WhiteElo "2155"]
[BlackElo "2368"]
[PlyCount "57"]
[EventDate "2004.??.??"]

1. e4 g6 2. d4 c6 3. Nc3 d5 4. e5 h5 5. f4 Nh6 6. Bd3 Bg4 7. Nf3 e6 8. Be3 Nd7
9. O-O Bxf3 10. Qxf3 Ng4 11. Ne2 c5 12. c3 Rc8 13. h3 Nh6 14. b3 cxd4 15. cxd4
Ba3 16. Bc1 Qe7 17. Bxa3 Qxa3 18. g4 hxg4 19. hxg4 Qe7 20. Kg2 Ng8 21. Rac1 Kd8
22. Rxc8+ Kxc8 23. Bb5 Kb8 24. f5 gxf5 25. gxf5 Qh4 26. Qg3 Qe4+ 27. Qf3 Qh4
28. Qg3 Qe4+ 29. Qf3 {(=)} 1/2-1/2

[Event "IHEM 2004"]
[Site "Hamburg"]
[Date "2004.05.29"]
[Round "1.15"]
[White "Bach, Matthias"]
[Black "Limbach, Torsten"]
[Result "1-0"]
[WhiteElo "2351"]
[BlackElo "2079"]
[PlyCount "113"]
[EventDate "2004.??.??"]

1. d4 d5 2. c4 e6 3. Nc3 Nf6 4. Nf3 Be7 5. g3 O-O 6. Bg2 dxc4 7. O-O c5 8. dxc5
Bxc5 9. Ne5 Qc7 10. Bf4 Nh5 11. e3 Nxf4 12. gxf4 Nc6 13. Nxc4 a6 14. Rc1 Qe7
15. Ne4 Ba7 16. Ne5 Nb4 17. Qd6 Qxd6 18. Nxd6 Nd5 19. Bxd5 exd5 20. Nxc8 Raxc8
21. Rfd1 d4 22. e4 f6 23. Nd3 b5 24. Nb4 Rc4 25. Nc6 Bb6 26. Rxc4 bxc4 27. Rc1
d3 28. Ne7+ Kf7 29. Nd5 Bd4 30. Rxc4 Bxb2 31. Kf1 d2 32. Ke2 Bc1 33. f5 Rd8 34.
Rc7+ Kf8 35. Kd1 h5 36. Nf4 Re8 37. Ne6+ Kg8 38. Rxg7+ Kh8 39. Rd7 Rg8 40. Rd8
Rxd8 41. Nxd8 Kg8 42. Ne6 h4 43. h3 Kh7 44. Nf4 Kh6 45. Nd3 Ba3 46. Kxd2 Bd6
47. f4 Bc7 48. Ke3 Bb6+ 49. Kf3 Kh5 50. e5 fxe5 51. fxe5 Kg5 52. Ke4 Bd8 53.
Nf4 Be7 54. Ne6+ Kh6 55. f6 Bxf6 56. exf6 Kg6 57. Ke5 1-0

[Event "IHEM 2004"]
[Site "Hamburg"]
[Date "2004.05.29"]
[Round "1.16"]
[White "Schulz, Hans-Juergen"]
[Black "Lindinger, Markus"]
[Result "1/2-1/2"]
[WhiteElo "2074"]
[BlackElo "2339"]
[PlyCount "69"]
[EventDate "2004.??.??"]

1. d4 Nf6 2. Nc3 d5 3. Bg5 e6 4. e4 dxe4 5. Nxe4 Be7 6. Bxf6 gxf6 7. Nf3 a6 8.
Qd2 Nd7 9. O-O-O b5 10. Kb1 Bb7 11. Bd3 Bd5 12. Qe2 c6 13. Nc3 Nb6 14. Nd2 Rb8
15. Qh5 Na4 16. Nxd5 cxd5 17. Rhe1 Qb6 18. Nb3 b4 19. Ka1 a5 20. Rb1 Rf8 21. f4
f5 22. g4 fxg4 23. f5 Kd7 24. Re5 Rbe8 25. Rbe1 Bd6 26. R5e2 Nxb2 27. fxe6+
fxe6 28. Qxg4 Nxd3 29. cxd3 Rf4 30. Qh3 Rf6 31. Qxh7+ Re7 32. Qh4 Ref7 33. Qg4
Bf8 34. Nxa5 Rf4 35. Qxe6+ 1/2-1/2

[Event "IHEM 2004"]
[Site "Hamburg"]
[Date "2004.05.29"]
[Round "1.17"]
[White "Von Buelow, Georg"]
[Black "Parindra, Amran Mojo Pahit"]
[Result "1-0"]
[WhiteElo "2339"]
[BlackElo "2032"]
[PlyCount "143"]
[EventDate "2004.??.??"]

1. e4 e5 2. Nf3 Nc6 3. Bb5 Nge7 4. O-O a6 5. Ba4 Ng6 6. c3 Be7 7. d4 exd4 8.
cxd4 O-O 9. Nc3 b5 10. Bb3 Na5 11. Bc2 Bb7 12. b3 Re8 13. Bb2 Rc8 14. Qd2 c5
15. Nd5 Bxd5 16. exd5 c4 17. Bc3 Nb7 18. b4 Bd6 19. Rfe1 Qf6 20. Ne5 Nf4 21.
Be4 Rcd8 22. Re3 Qh6 23. Rf3 f6 24. Qxf4 Qxf4 25. Rxf4 fxe5 26. Rh4 g6 27. a3
Be7 28. Rg4 Bf6 29. dxe5 Bxe5 30. Rc1 Nd6 31. Bxg6 hxg6 32. Bxe5 Nf5 33. Bc3
Kh7 34. Kf1 d6 35. Bf6 Rf8 36. Bd4 Rde8 37. Rc3 Nxd4 38. Rxd4 Rf5 39. g4 Rfe5
40. Rf3 Re1+ 41. Kg2 Kg7 42. Rdf4 Rd1 43. Rf7+ Kg8 44. R7f6 Rxd5 45. Rxg6+ Kh7
46. Rgf6 Rc8 47. Rc3 {(=)} Kg7 48. Re6 Rd2 49. Re7+ Kf6 50. Rce3 Rf8 51. Rc7
Kg5 52. Kg3 Rfxf2 53. h4+ Kf6 54. g5+ Kg6 55. Re6+ Kf5 56. Rf6+ Ke4 57. Re7+
Kd3 58. Rxf2 c3 59. Rd7 Rb2 60. Rxd6+ Kc4 61. Rc6+ Kb3 62. Rxc3+ Kxc3 63. g6
Rb1 64. g7 Rg1+ 65. Rg2 Rxg2+ 66. Kxg2 Kb3 67. g8=Q+ Kxa3 68. Qf8 Ka4 69. h5 a5
70. h6 axb4 71. Qa8+ Kb3 72. h7 1-0

[Event "IHEM 2004"]
[Site "Hamburg"]
[Date "2004.05.29"]
[Round "1.18"]
[White "Bergsträßer, Andreas"]
[Black "Reddmann, Hauke"]
[Result "0-1"]
[WhiteElo "1986"]
[BlackElo "2338"]
[PlyCount "86"]
[EventDate "2004.??.??"]

1. d4 Nf6 2. Nf3 e6 3. e3 b6 4. Bd3 Bb7 5. Nbd2 c5 6. O-O cxd4 7. exd4 Be7 8.
b3 Nc6 9. c4 O-O 10. Bb2 d5 11. Qe2 Rc8 12. Rac1 dxc4 13. bxc4 Qd7 14. Rfd1
Rfd8 15. Bb1 Qe8 16. Nf1 Ba6 17. Ne3 Na5 18. Ne5 Rc7 19. Qf3 Bb7 20. Qh3 Be4
21. Nd3 Rdc8 22. f3 Bg6 23. d5 Nxc4 24. Nxc4 Rxc4 25. Rxc4 Rxc4 26. dxe6 Rc7
27. Ne5 Bc5+ 28. Kh1 fxe6 29. Nxg6 hxg6 30. Qg3 Rd7 31. Re1 Bb4 32. Rf1 Bd6 33.
Qg5 Nh7 34. Qg4 Nf8 35. Bc2 Qf7 36. Bc1 Qf6 37. Bb3 Qf5 38. Qh4 b5 39. Re1 a5
40. Qf2 Rc7 41. Qe2 Rxc1 42. Rxc1 Qf4 43. Bxe6+ Kh7 0-1

[Event "IHEM 2004"]
[Site "Hamburg"]
[Date "2004.05.30"]
[Round "2.1"]
[White "Ftacnik, Lubomir"]
[Black "Löffler, Stefan"]
[Result "1/2-1/2"]
[WhiteElo "2579"]
[BlackElo "2413"]
[PlyCount "106"]
[EventDate "2004.??.??"]

1. d4 d5 2. Nf3 e6 3. g3 Nf6 4. Bg2 b5 5. O-O Nbd7 6. Nbd2 Bb7 7. a4 a6 8. Nb3
c5 9. Bd2 b4 10. dxc5 a5 11. c6 Bxc6 12. Nfd4 Bb7 13. c4 Be7 14. cxd5 Nxd5 15.
Rc1 Ra6 16. Nb5 O-O 17. Nc7 Nxc7 18. Bxb7 Rd6 19. Qc2 Nd5 20. Rfd1 Ne5 21. Qe4
Bf6 22. Rc8 Qb6 23. Rxf8+ Kxf8 24. Bxd5 Rxd5 25. Rc1 h5 26. Rc8+ Ke7 27. Be3
Qb7 28. Qc2 Nd7 29. f3 Be5 30. Kg2 Bd6 31. h4 Re5 {(=)} 32. Bg5+ f6 33. Bf4
Rxe2+ 34. Qxe2 Qxc8 35. Bxd6+ Kxd6 36. Nxa5 Nb6 37. Qd2+ Nd5 38. Nb3 Qc4 39.
Nd4 Qa2 40. Qe2 Qxa4 41. Qxe6+ Kc5 42. Nf5 Qc2+ 43. Kh3 Qd1 44. Kg2 g6 45. Ne7
Qd2+ 46. Kh3 Nxe7 47. Qxe7+ Qd6 48. Qe4 Qd1 49. Qe7+ Qd6 50. Qe2 f5 51. b3 Qd5
52. Qe3+ Qd4 53. Qe7+ Qd6 1/2-1/2

[Event "IHEM 2004"]
[Site "Hamburg"]
[Date "2004.05.30"]
[Round "2.2"]
[White "Kopylov, Michael"]
[Black "Rogozenko, Dorian"]
[Result "0-1"]
[WhiteElo "2433"]
[BlackElo "2531"]
[PlyCount "84"]
[EventDate "2004.??.??"]

1. e4 c5 2. c3 Nf6 3. e5 Nd5 4. d4 cxd4 5. Qxd4 e6 6. Nf3 Nc6 7. Qe4 f5 8. Qe2
Qc7 9. g3 b5 10. Bg2 a5 11. O-O Ba6 12. Rd1 Be7 13. Nh4 O-O 14. Rxd5 exd5 15.
Bxd5+ Kh8 16. Ng6+ hxg6 17. Qf1 Bh4 18. Qh3 Qd8 19. Nd2 Nxe5 20. Nb3 g5 21.
gxh4 g4 22. Qg3 Nf3+ 23. Bxf3 gxf3 24. Nd4 Qf6 25. Bg5 Qf7 26. Qc7 Rae8 27. Qb6
Qxa2 28. Rd1 Ra8 29. Nxf3 Qe6 30. Rd6 Qe4 31. Rh6+ Kg8 32. Qg6 Qg4+ 33. Kf1 b4+
34. Ke1 Qe4+ 35. Be3 Qb1+ 36. Kd2 bxc3+ 37. bxc3 Qd3+ 38. Kc1 Qxc3+ 39. Kd1
Qd3+ 40. Nd2 Qe2+ 41. Kc1 Rfc8+ 42. Kb2 Rab8+ 0-1

[Event "IHEM 2004"]
[Site "Hamburg"]
[Date "2004.05.30"]
[Round "2.3"]
[White "Moreno Carnero, Javier"]
[Black "Siebrecht, Sebastian"]
[Result "1-0"]
[WhiteElo "2525"]
[BlackElo "2369"]
[PlyCount "67"]
[EventDate "2004.??.??"]

1. e4 c5 2. Nf3 e6 3. d4 cxd4 4. Nxd4 a6 5. Be2 Nf6 6. Nc3 d6 7. O-O Be7 8. f4
Qc7 9. Be3 b5 10. Bf3 Bb7 11. e5 dxe5 12. Bxb7 exd4 13. Bxa8 dxe3 14. Qf3 O-O
15. Rae1 Nbd7 16. Be4 Nb6 17. Bd3 Nc4 18. Bxc4 Qxc4 19. Kh1 Bc5 20. a3 Bxa3 21.
bxa3 Qxc3 22. Rxe3 Qxc2 23. Rc3 Qa4 24. Qb7 g6 25. h3 Ne4 26. Re3 Nd2 27. Rfe1
{(=)} Nc4 28. Rd3 Nxa3 29. Qe7 Nc2 30. Red1 Qb4 31. Qf6 h5 32. Rd8 Kh7 33. Rxf8
Qxf8 34. Rd7 1-0

[Event "IHEM 2004"]
[Site "Hamburg"]
[Date "2004.05.30"]
[Round "2.4"]
[White "Hector, Johnny"]
[Black "Bach, Matthias"]
[Result "0-1"]
[WhiteElo "2512"]
[BlackElo "2351"]
[PlyCount "118"]
[EventDate "2004.??.??"]

1. d4 d5 2. Nc3 Nf6 3. Bg5 h6 4. Bxf6 exf6 5. e4 dxe4 6. Nxe4 f5 7. Ng3 Be6 8.
Qd3 c6 9. c3 g6 10. h4 Qb6 11. Nf3 Nd7 12. Be2 Bd6 13. h5 O-O-O 14. b4 Qc7 15.
Nf1 Nb6 16. N3d2 Nd5 17. g3 f4 18. g4 f5 19. Rg1 fxg4 {(=)} 20. Bxg4 Bxg4 21.
Rxg4 Rhe8+ 22. Kd1 g5 23. a3 Qe7 24. Kc2 Qe2 25. Rg2 Qxd3+ 26. Kxd3 f3 27. Rg1
Nf4+ 28. Kc4 Nh3 29. Nxf3 Rf8 30. N1d2 Nxg1 31. Rxg1 Rf4 32. Kd3 Rdf8 33. Nh2
Rh4 34. Ng4 Rxh5 35. Ne4 Rh3+ 36. Kc4 Kc7 37. b5 Rf4 38. f3 Rfxf3 39. bxc6 bxc6
40. Rb1 Rf4 41. Ngf2 Re3 42. Nxd6 Kxd6 43. Rb2 Rff3 44. Rc2 h5 45. Nd1 Re6 46.
Rb2 Re1 47. Nf2 g4 48. a4 g3 49. Nd3 Ree3 50. Nc5 Rxc3+ 51. Kb4 Rxc5 52. dxc5+
Kc7 53. Ka5 Rf5 54. Ka6 Rxc5 55. Rb7+ Kd6 56. Rg7 h4 57. Rg6+ Ke5 58. Rg5+ Kd4
59. Rg4+ Ke3 0-1

[Event "IHEM 2004"]
[Site "Hamburg"]
[Date "2004.05.30"]
[Round "2.5"]
[White "Von Buelow, Georg"]
[Black "Farago, Ivan"]
[Result "1/2-1/2"]
[WhiteElo "2339"]
[BlackElo "2507"]
[PlyCount "37"]
[EventDate "2004.??.??"]

1. Nf3 d5 2. d4 Nf6 3. c4 e6 4. Nc3 Bb4 5. cxd5 exd5 6. Bg5 h6 7. Bh4 c6 8. e3
g5 9. Bg3 Ne4 10. Qb3 Qb6 11. Nd2 Nxg3 12. hxg3 Be6 13. Bd3 Nd7 14. O-O-O O-O-O
15. Kb1 Nf6 16. Qc2 Kb8 17. Nb3 Qc7 18. Rc1 h5 19. Na4 {(=)} 1/2-1/2

[Event "IHEM 2004"]
[Site "Hamburg"]
[Date "2004.05.30"]
[Round "2.8"]
[White "Pajeken, Wolfgang"]
[Black "Haba, Petr"]
[Result "1/2-1/2"]
[WhiteElo "2323"]
[BlackElo "2513"]
[PlyCount "57"]
[EventDate "2004.??.??"]

1. d4 d5 2. c4 e6 3. Nc3 c6 4. Nf3 Nf6 5. e3 Nbd7 6. Bd3 dxc4 7. Bxc4 b5 8. Bd3
a6 9. e4 c5 10. e5 cxd4 11. Nxb5 axb5 12. exf6 gxf6 13. O-O Qb6 14. Qe2 Ba6 15.
Rd1 Rd8 16. a4 Nc5 17. axb5 Bb7 18. Bc4 Rg8 19. Bd2 Nb3 20. Ra4 Nxd2 21. Rxd2
Qc5 22. g3 Rg4 23. Qd1 Qf5 24. Be2 e5 25. Nxe5 Rxg3+ 26. hxg3 fxe5 27. Rd3 Bc5
28. Bg4 Qg6 29. Bf3 1/2-1/2

[Event "IHEM 2004"]
[Site "Hamburg"]
[Date "2004.05.30"]
[Round "2.10"]
[White "Souleidis, Georgios"]
[Black "Sawadkuhi, Massoud"]
[Result "1/2-1/2"]
[WhiteElo "2398"]
[BlackElo "2254"]
[PlyCount "81"]
[EventDate "2004.??.??"]

1. e4 c5 2. Nf3 Nc6 3. Nc3 g6 4. Bb5 Bg7 5. Bxc6 dxc6 6. h3 Nf6 7. d3 Nd7 8.
Be3 e5 9. Qd2 Qe7 10. Bh6 Bxh6 11. Qxh6 f6 12. O-O-O Nf8 13. Nh4 Be6 14. Rhf1
O-O-O 15. f4 Nd7 16. Nf3 Rhf8 17. fxe5 fxe5 18. Qe3 b6 19. Rf2 Kb7 20. b3 Qg7
21. Rdf1 h6 22. Nh4 Rf4 23. Qg3 Rdf8 24. Ne2 g5 25. Nf5 Bxf5 26. exf5 Rxf2 27.
Rxf2 e4 28. Kb1 Nf6 29. Rf1 Re8 30. dxe4 Rxe4 31. Nc3 Re7 32. Re1 Rxe1+ 33.
Qxe1 Qd7 34. g4 Qd4 35. Qe7+ Ka6 36. Qe2+ Kb7 37. Qe7+ Ka6 38. Qe2+ Kb7 39. Qd3
Qe5 40. a4 a6 41. Kc1 1/2-1/2

[Event "IHEM 2004"]
[Site "Hamburg"]
[Date "2004.05.30"]
[Round "2.12"]
[White "Lindinger, Markus"]
[Black "Mandelbaum, Peter-Rene"]
[Result "1/2-1/2"]
[WhiteElo "2339"]
[BlackElo "2155"]
[PlyCount "39"]
[EventDate "2004.??.??"]

1. e4 c5 2. Nc3 Nc6 3. Nf3 g6 4. d4 cxd4 5. Nxd4 Bg7 6. Be3 Nf6 7. Bc4 O-O 8.
Bb3 a5 9. a4 Ng4 10. Qxg4 Nxd4 11. Qh4 Nxb3 12. cxb3 Ra6 13. O-O Re6 14. Rfe1
f5 15. exf5 Rxf5 16. Bg5 Rfe5 17. Rxe5 Rxe5 18. Nd5 Bf8 19. Rd1 d6 20. Qg3 {(=)
} 1/2-1/2